Rafael Heliodoro Valle. Vida y obra

Gardado en:
Detalles Bibliográficos
Autor Principal: Acosta, Oscar
Formato: Libro
Idioma:Undetermined
Publicado: Roma, Italia Instituto Italo-Latinoamericano 1981
Materias:
Etiquetas: Engadir etiqueta
Sen Etiquetas, Sexa o primeiro en etiquetar este rexistro!

MARC

LEADER 00000nam a2200000Ia 4500
008 170316s9999 xx 000 0 und d
040 |a cru BVZT 
090 |a 860 A-3r 
100 |a Acosta, Oscar  |9 1009 
245 |a Rafael Heliodoro Valle. Vida y obra  |c / Oscar Acosta 
260 |a Roma, Italia  |b Instituto Italo-Latinoamericano  |c 1981 
300 |a 195 páginas 
650 |a LITERATURA LATINOAMERICANA  |9 15 
999 |c 8336  |d 8336 
942 |c 15 D  |h 860 A-3r  |2 z